| 000 | 00000nam 2200000za 4500 |
| 001 | 9.859741 |
| 003 | CaOODSP |
| 005 | 20241212152843 |
| 007 | cr ||||||||||| |
| 008 | 180727s2018 onc o f000 0 por d |
| 040 | |aCaOODSP|beng |
| 043 | |an-cn--- |
| 086 | 1 |aA104-143/6-2018Por-PDF |
| 245 | 00|a[Fact sheet - traceability] |h[electronic resource] : |b[Safe Food for Canadians Regulations]. |
| 246 | 13|aInformativo - rastreabilidade : |bRegulamento Canadense de Segurança dos Alimentos (RCSA) |
| 246 | 10|aRastreabilidade |
| 246 | 10|aRegulamento Canadense de Segurança dos Alimentos (RCSA) |
| 250 | |a[Portuguese edition]. |
| 260 | |a[Ottawa] : |bCanadian Food Inspection Agency, |c[2018] |
| 300 | |a[2] p. |
| 500 | |aEnglish title supplied by the publisher. |
| 500 | |aIssued also in English under title: Fact sheet - traceability: Safe Food for Canadians Regulations. |
| 500 | |3Issued also in French, Arabic, Simplified Chinese, Traditional Chinese, German, Hindi, Punjabi, Spanish, Thai, and Turkish. |
| 520 | |aTraceability is the ability to track the movement of a food or a food commodity, one step back and one step forward. Under the Safe Food for Canadians Regulations (SFCR), new traceability requirements will apply to most food businesses that: import food; export food; distribute or send food products across provincial or territorial borders; manufacture, process, treat, preserve, grade, store, package or label food to be exported or sent across provincial or territorial borders; grow and harvest fresh fruits or vegetables to be exported or sent across provincial or territorial borders; slaughter food animals from which meat products are derived, where the meat product is exported or sent across provincial or territorial borders; store and handle edible meat products in their imported condition for inspection by the Canadian Food Inspection Agency (CFIA); sell food to consumers at retail, which would need to be traced one step back but not forward to the consumer. |
| 546 | |aText in Portuguese. |
| 692 | 07|2gccst|aFood safety |
| 692 | 07|2gccst|aRegulations |
| 692 | 07|2gccst|aFood processing |
| 710 | 2 |aCanadian Food Inspection Agency. |
| 775 | 08|tFact sheet - traceability |w(CaOODSP)9.859727 |
| 792 | |t[Fiche d'information - traçabilité] |efre|w(CaOODSP)9.859742 |
| 856 | 40|qPDF|s109 KB|uhttps://publications.gc.ca/collections/collection_2018/acia-cfia/A104-143-6-2018-por.pdf |